000 00758cam a22002411 4500
999 _c126845
_d126845
001 277041
003 ARRUPE
005 20170830111013.0
008 730220s1958 nju 000 0 eng
010 _a 58008608
040 _aDLC
_cDLC
_dDLC
043 _ae------
050 0 0 _aHT115
_b.M8
082 0 0 _a323.352
100 1 _aMundy, John Hine,
_d1917-2004.
_935428
245 0 4 _aThe medieval town
_cJohn H. Mundy and Peter Riesenberg.
260 _aPrinceton, N.J.,
_bD. Van Nostrand Company
_c1958
300 _a192 p.
_c19 cm.
490 0 _aAn Anvil original, no. 30
650 0 _aCities and towns, Medieval.
_935429
700 1 _aRiesenberg, Peter N.,
_d1925-
_ejoint author.
_935430
906 _a7
_bcbc
_corignew
_du
_eocip
_f19
_gy-gencatlg
942 _2lcc
_cMONOGRAPH